Rocco Bandera e suo fratello-Fisarmoniche e ritmi(Lp 20046) (Record n. 100077)

Dettagli MARC
000 -LEADER
fixed length control field 03096njm a2200481Ia 4500
001 - CONTROL NUMBER
control field 24010
003 - CONTROL NUMBER IDENTIFIER
control field IT-RoPAU
005 - DATE AND TIME OF LATEST TRANSACTION
control field 20220918181125.0
008 - FIXED-LENGTH DATA ELEMENTS--GENERAL INFORMATION
fixed length control field 131025s9999 xx 000 0 und d
040 ## - CATALOGING SOURCE
Original cataloging agency IT-RoPAU
040 ## - CATALOGING SOURCE
Transcribing agency IT-RoPAU
041 ## - LANGUAGE CODE
Language code of text/sound track or separate title ITALIANO
999 ## - SYSTEM CONTROL NUMBERS (KOHA)
Koha Dewey Subclass [OBSOLETE] n.d.
100 ## - MAIN ENTRY--PERSONAL NAME
Personal name AA.VV.
9 (RLIN) 794
100 ## - MAIN ENTRY--PERSONAL NAME
Relator term Autore musica
9 (RLIN) 8229
100 ## - MAIN ENTRY--PERSONAL NAME
Miscellaneous information Codice autore musica SPICS: 12000
9 (RLIN) 796
245 ## - TITLE STATEMENT
Title Rocco Bandera e suo fratello-Fisarmoniche e ritmi(Lp 20046)
250 ## - EDITION STATEMENT
Edition statement 1a ed.
260 ## - PUBLICATION, DISTRIBUTION, ETC. (IMPRINT)
Place of publication, distribution, etc. MILANO
260 ## - PUBLICATION, DISTRIBUTION, ETC. (IMPRINT)
Name of publisher, distributor, etc. COMBO RECORD
Date of publication, distribution, etc. 1970 [1a Ed.:1970]
300 ## - PHYSICAL DESCRIPTION
Extent DISCO
500 ## - GENERAL NOTE
General note Canzone popolare. Musica flok. Arrangiamento. Fisarmonica. Valzer, mazurca, tarantella, marcia, quadriglia, fox trot.
505 ## - FORMATTED CONTENTS NOTE
Formatted contents note Reginella campagnola (ritmo allegro) - Sbarazzina (valzer) - Cesarina (mazurka) - Quadriglia napoletana (quadriglia) - I pompieri di Viggiù (ritmo allegro) - Tic-ti tic-ta (fox-trot) - Fantasia americana (valzer) - Piemontesina (valzer) - La mazurca di Carolina - Tarantella tipica calabrese (tarantella) - Il valzer della povera gente - Mademoiselle de Paris (valzer) - Il tamburo della banda d'Affori (marcia) - Francescamaria (valzer)
650 ## - SUBJECT ADDED ENTRY--TOPICAL TERM
Topical term or geographic name as entry element FOLK [DISCHI]
Relator term Codice MATERIA SPICS: 9950
9 (RLIN) 1209
700 ## - ADDED ENTRY--PERSONAL NAME
Personal name Bandera Rocco
Miscellaneous information Codice interprete SPICS: 7884
9 (RLIN) 8230
Relator term Interprete
700 ## - ADDED ENTRY--PERSONAL NAME
Personal name Di Lazzaro Eldo
Miscellaneous information Codice autore testo/musica SPICS: 13500
Relator term Autore testo/musica
Name of part/section of a work Reginella campagnola - Sbarazzina
9 (RLIN) 8231
700 ## - ADDED ENTRY--PERSONAL NAME
Personal name Pezzolo
Miscellaneous information Codice autore musica SPICS: 18091
Relator term Autore musica
Name of part/section of a work Cesarina
9 (RLIN) 8232
700 ## - ADDED ENTRY--PERSONAL NAME
Personal name Dunnio
Miscellaneous information Codice autore musica SPICS: 18092
Relator term Autore musica
Name of part/section of a work Quadriglia napoletana
9 (RLIN) 8233
700 ## - ADDED ENTRY--PERSONAL NAME
Personal name Fragna Armando
Miscellaneous information Codice autore musica SPICS: 13570
Relator term Autore musica
Name of part/section of a work I pompieri di Viggiù
9 (RLIN) 8234
700 ## - ADDED ENTRY--PERSONAL NAME
Personal name Lama Gaetano
Miscellaneous information Codice autore musica SPICS: 13468
Relator term Autore musica
Name of part/section of a work Tic-ti tic-ta
9 (RLIN) 8235
700 ## - ADDED ENTRY--PERSONAL NAME
Personal name Parti
Miscellaneous information Codice autore musica SPICS: 18093
Relator term Autore musica
Name of part/section of a work Fantasia americana
9 (RLIN) 8236
700 ## - ADDED ENTRY--PERSONAL NAME
Personal name Raimondo Giovanni
Miscellaneous information Codice autore musica SPICS: 13444
Relator term Autore musica
Name of part/section of a work Piemontesina
9 (RLIN) 8237
700 ## - ADDED ENTRY--PERSONAL NAME
Personal name Redi Bruno
Miscellaneous information Codice autore musica SPICS: 18094
Relator term Autore musica
Name of part/section of a work La mazurca di Carolina
9 (RLIN) 8238
700 ## - ADDED ENTRY--PERSONAL NAME
Personal name Scalzo
Miscellaneous information Codice autore musica SPICS: 18095
Relator term Autore musica
Name of part/section of a work Tarantella tipica calabrese
9 (RLIN) 8239
700 ## - ADDED ENTRY--PERSONAL NAME
Personal name Mazzucca
Miscellaneous information Codice autore SPICS: 18096
Relator term Autore
Name of part/section of a work Tarantella tipica calabrese
9 (RLIN) 8240
700 ## - ADDED ENTRY--PERSONAL NAME
Personal name Spadaro Odoardo
Miscellaneous information Codice autore musica SPICS: 1159
Relator term Autore musica
Name of part/section of a work Il valzer della povera gente
9 (RLIN) 8241
700 ## - ADDED ENTRY--PERSONAL NAME
Personal name Durand
Miscellaneous information Codice autore musica SPICS: 18097
Relator term Autore musica
Name of part/section of a work Mademoiselle de Paris
9 (RLIN) 8242
700 ## - ADDED ENTRY--PERSONAL NAME
Personal name Ravasini Nino
Miscellaneous information Codice autore musica SPICS: 13383
Relator term Autore musica
Name of part/section of a work Il tamburo della banda d'Affori
9 (RLIN) 8243
700 ## - ADDED ENTRY--PERSONAL NAME
Personal name Rastelli Nino
Miscellaneous information Codice autore SPICS: 13482
Relator term Autore
Name of part/section of a work Il tamburo della banda d'Affori - Francescamaria
9 (RLIN) 8244
700 ## - ADDED ENTRY--PERSONAL NAME
Personal name Panzeri Mario
Miscellaneous information Codice autore testo/musica SPICS: 13372
Relator term Autore testo/musica
Name of part/section of a work Il tamburo della banda d'Affori - Francescamaria
9 (RLIN) 8245
700 ## - ADDED ENTRY--PERSONAL NAME
Personal name Schisa
Miscellaneous information Codice autore musica SPICS: 14193
Relator term Autore musica
Name of part/section of a work Francescamaria
9 (RLIN) 8246
942 ## - ADDED ENTRY ELEMENTS (KOHA)
Koha item type DISCHI
Source of classification or shelving scheme Dewey Decimal Classification
Dati di copia
Withdrawn status Lost status Damaged status Not for loan Home library Current library Date acquired Total Checkouts Full call number Date last seen Price effective from Koha item type Public note
    Buone Condizioni Not For Loan SPICS-MEDIATECA SPICS-MEDIATECA 25/10/2013   24010 25/10/2013 25/10/2013 DISCHI Progr. Ins.: 4857 / N.Vol.: 1 / Copie: 1 - Copia rara: n.d. / date import: 01.01.2014 - By Epidotti, Trombetti, Vaglietti
CREDITS: SOCIETA' SAN PAOLO Via A.Severo, 58 - ROMA (RM) & PERIODICI SAN PAOLO SRL Via Giotto, 36 MILANO & CISF Via Giotto, 36 MILANO & EDIZIONI SAN PAOLO SRL,  Piazza Soncino, 5 CINISELLO BALSAMO (MI) -- ITALY